banner koha

Dimensionamento econômico de profundidades e espaçamentos de drenos para a produção de cana-de-açúcar (Registro n. 242654)

MARC details
000 -LÍDER
campo de controle de tamanho fixo 00916nas a2200277 4500
001 - NÚMERO DE CONTROLE
campo de controle BR2015001031
003 - IDENTIFICADOR DO NÚMERO DE CONTROLE
campo de controle BR-BrBNA
005 - DATA E HORÁRIO DA ÚLTIMA TRANSAÇÃO
campo de controle 20231205125114.0
007 - CAMPO FIXO DE DESCRIÇÃO FÍSICA--INFORMAÇÃO GERAL
campo de controle de tamanho fixo ta
008 - CAMPO DE DADOS FIXOS--INFORMAÇÃO GERAL
campo de controle de tamanho fixo 230509b bl.|||p| |||| 00| 00por d
040 ## - FONTE DA CATALOGAÇÃO
Instituição da catalogação original BR-BrBNA
Idioma da catalogação por
Instituição que transcreveu o registro Biblioteca Nacional de Agricultura
041 ## - CÓDIGO DE IDIOMA
Código do idioma do texto/trilha sonora ou título diferente (Pt)
072 ## - CÓDIGO DE CATEGORIA DE ASSUNTO
Código de Categoria de Assunto P10; F01
100 1# - ENTRADA PRINCIPAL--NOME PESSOAL
Nome pessoal Mingoti, R.
100 1# - ENTRADA PRINCIPAL--NOME PESSOAL
Nome pessoal Duarte, S.N.
100 1# - ENTRADA PRINCIPAL--NOME PESSOAL
Nome pessoal Miranda, J.H. de
100 1# - ENTRADA PRINCIPAL--NOME PESSOAL
Nome pessoal Cruciani, D.E.
245 1# - TÍTULO
Título Dimensionamento econômico de profundidades e espaçamentos de drenos para a produção de cana-de-açúcar
650 ## - ASSUNTO--TERMO TÓPICO
Cabeçalho tópico ou nome geográfico DRENAGEM
650 ## - ASSUNTO--TERMO TÓPICO
Cabeçalho tópico ou nome geográfico SACCHARUM OFFICINARUM
650 ## - ASSUNTO--TERMO TÓPICO
Cabeçalho tópico ou nome geográfico LENÇOL FREÁTICO
650 ## - ASSUNTO--TERMO TÓPICO
Cabeçalho tópico ou nome geográfico CONDUTIVIDADE HIDRÁULICA
773 0# - ENTRADA ANALÍTICA
Título Revista Brasileira de Engenharia Agrícola e Ambiental (Brasil)
ISSN - International Standard Serial Number ISSN 1415-4366
Partes relacionadas (Jul-Sep 2006), v. 10(3) p. 535-540
Número de controle do registro BR2015001031
909 ## -
-- 202311
-- Lúcia
-- 55
-- Lúcia Elande
942 ## - ELEMENTOS DE ENTRADA ADICIONADOS (KOHA)
Fonte da classificação ou esquema de arquivamento na estante Classificação AGRIS
Ocultar no OPAC Não
Tipo de material Koha Analítica
Exemplares
Situação do descarte Fonte da classificação ou esquema de arquivamento na estante Situação física Não pode ser emprestado Biblioteca de origem Biblioteca atual Localização na estante Enumeração do periódico / cronologia Total de empréstimos Data de último acesso Número do exemplar Tipo de material Koha Fonte de aquisição
  Classificação AGRIS   Consulta local Biblioteca Nacional de Agricultura - Binagri Biblioteca Nacional de Agricultura - Binagri   (Jul-Sep 2006), v. 10(3) p. 535-540   29/11/2023 01 Periódicos Portaria Interministerial nº 164/94

BINAGRI

Telefone: (61)3218-2567/2388/3357/2097 - binagri@agro.gov.br

Ministério da Agricultura e Pecuária , Esplanada dos Ministérios, Bloco D, Anexo B, Brasília/DF, CEP: 70.043-900